[Event "OLNO 2324 SC Kreuzberg - SG Güstrow-Tet"]
[Site "?"]
[Date "2024.02.25"]
[Round "6.7"]
[White "Waschk, Armin"]
[Black "Dathe, Frederick"]
[Result "0-1"]
[WhiteElo "2105"]
[BlackElo "2195"]
[PlyCount "118"]
[EventDate "2024.??.??"]

1. e4 c5 2. Nf3 d6 3. Bb5+ Nd7 4. c3 Ngf6 5. Qe2 a6 6. Bd3 e6 7. O-O b5 8. Bc2 c4 9. a4 Bb7 10. axb5 axb5 11. Rxa8 Qxa8 12. Na3 Be7 13. d3 cxd3 14. Bxd3 b4 15. Nb5 O-O 16. cxb4 Bxe4 17. Bxe4 Nxe4 18. Nc3 Ndf6 19. Nd4 d5 20. b5 Bc5 21. Nc6 Nxc3 22. bxc3 Qa4 23. Be3 Bxe3 24. fxe3 Ra8 25. Qd3 Ne4 26. c4 Nc5 27. Qd4 Qxc4 28. Qxc4 dxc4 29. Rc1 Nd3 30. Rb1 c3 31. Nd4 e5 32. Nc2 Nb2 33. Rc1 g6 34. Nb4 Rb8 35. Rxc3 Rxb5 36. Nc2 Nd1 37. Rc8+ Kg7 38. Kf1 Nb2 39. Ke2 Na4 40. Kf3 Rc5 41. Rxc5 Nxc5 42. h4 h5 43. Na3 Kf6 44. Nc4 Ke6 45. Nd2 Kd5 46. Ke2 Ne4 47. Nf3 f6 48. Ne1 Nd6 49. Kf3 e4+ 50. Kf4 Nf5 51. g3 Ng7 52. g4 Ne6+ 53. Kg3 Kc4 54. gxh5 gxh5 55. Kf2 Kc3 56. Ke2 Nc5 57. Ng2 Nd3 58. Kd1 f5 59. Ke2 Kc2 0-1

[Event "OLNO 2324 SC Kreuzberg - SG Güstrow-Tet"]
[Site "?"]
[Date "2024.02.25"]
[Round "6.8"]
[White "Vogel, Constantin"]
[Black "Lippitz, Jaden"]
[Result "1-0"]
[WhiteElo "2149"]
[BlackElo "1633"]
[PlyCount "83"]
[EventDate "2024.??.??"]

1. Nf3 Nf6 2. g3 g6 3. Bg2 Bg7 4. c4 O-O 5. d4 c6 6. O-O d5 7. b3 Bf5 8. Bb2 Qc8 9. Re1 Na6 10. cxd5 cxd5 11. Nc3 Nb4 12. Rc1 Nc6 13. Ne5 Qe6 14. Nxd5 Nxd5 15. Nxc6 bxc6 16. e4 Bxe4 17. Rxe4 Qd7 18. Re2 Rfc8 19. Rc4 e6 20. Qc1 a5 21. Rec2 Ra6 22. Ba3 Bf8 23. Bxf8 Kxf8 24. h4 Nb4 25. Re2 Kg7 26. h5 f6 27. Bh3 Re8 28. Qe1 Kf7 29. a3 Nd5 30. Rc5 Nc7 31. Re4 f5 32. hxg6+ hxg6 33. Rh4 Rg8 34. Qe5 Rg7 35. Bf1 Ra8 36. Rxa5 Rxa5 37. Qxa5 g5 38. Rh8 f4 39. Qe5 fxg3 40. fxg3 Nd5 41. Be2 Qe7 42. Bh5+ 1-0

[Event "OLNO 2324 SC Empor Potsdam - Mattnetz Be"]
[Site "?"]
[Date "2024.02.25"]
[Round "6.1"]
[White "Hesse, Henrik"]
[Black "Tschernatsch, Johannes"]
[Result "1/2-1/2"]
[WhiteElo "2307"]
[BlackElo "2321"]
[PlyCount "141"]
[EventDate "2024.??.??"]

1. c4 g6 2. g3 c5 3. Bg2 Bg7 4. Nf3 Nc6 5. Nc3 e6 6. O-O Nge7 7. a3 b6 8. d4 cxd4 9. Nb5 d5 10. cxd5 Nxd5 11. Nfxd4 Nxd4 12. Nxd4 O-O 13. e4 Ne7 14. Be3 Ba6 15. Re1 Qd7 16. Nf5 Rfd8 17. Nxg7 Kxg7 18. Qf3 f6 19. Red1 Qe8 20. e5 f5 21. Bg5 Rxd1+ 22. Rxd1 Rd8 23. h4 h6 24. Bf6+ Kf7 25. Kh2 Rd7 26. Rxd7 Qxd7 27. Qa8 Bc8 28. Bxe7 Kxe7 29. Qb8 g5 30. hxg5 hxg5 31. b4 Kd8 32. f4 gxf4 33. gxf4 Qd2 34. Kg3 Qe1+ 35. Kf3 Qd1+ 36. Kf2 Qd2+ 37. Kg3 Qe1+ 38. Kh2 Qh4+ 39. Kg1 Qe7 40. Bc6 Qg7+ 41. Kf2 Qc7 42. Qxc7+ Kxc7 43. b5 Kd8 44. Kg3 Ke7 45. Kh4 Kf7 46. Kh5 Kg7 47. a4 Kh7 48. Kg5 Kg7 49. Bg2 Bd7 50. Bf3 Be8 51. Bc6 Bg6 52. Bd7 Bf7 53. Bc8 Bg8 54. Ba6 Bf7 55. Bb7 Be8 56. Bc8 Kf7 57. Kh6 Ke7 58. Bb7 Bd7 59. Bf3 Be8 60. Bh5 Bd7 61. Kg7 Bc8 62. Bf3 Bd7 63. Kh6 Be8 64. Bb7 Bd7 65. Kg5 Be8 66. Bc8 Bf7 67. Ba6 Be8 68. Bb7 Bd7 69. Bf3 Be8 70. Bg2 Bd7 71. Bf3 1/2-1/2

[Event "OLNO 2324 SC Empor Potsdam - Mattnetz Be"]
[Site "?"]
[Date "2024.02.25"]
[Round "6.2"]
[White "Penzold, Andreas"]
[Black "Bui, Bao Anh Le"]
[Result "1-0"]
[WhiteElo "2354"]
[BlackElo "2175"]
[PlyCount "75"]
[EventDate "2024.??.??"]

1. c4 Nf6 2. Nc3 c5 3. g3 d5 4. cxd5 Nxd5 5. Bg2 Nc7 6. d3 e5 7. Be3 Be7 8. Nf3 Nc6 9. Nd2 Be6 10. Bxc6+ bxc6 11. Qa4 Qb8 12. Rb1 Nb5 13. O-O O-O 14. Rfc1 Nd4 15. Kf1 Bh3+ 16. Ke1 a5 17. Nce4 Qb4 18. Rc4 Qxa4 19. Rxa4 f5 20. Bg5 Bxg5 21. Nxg5 Bg4 22. e3 Nc2+ 23. Kf1 Rfd8 24. Nc4 Rd5 25. Nb6 Rad8 26. Nxd5 cxd5 27. h3 Bh5 28. Rxa5 c4 29. dxc4 d4 30. exd4 exd4 31. Ne6 Re8 32. g4 Bf7 33. gxf5 g6 34. b3 gxf5 35. Nf4 Re4 36. Rxf5 d3 37. Nxd3 Bg6 38. Rd5 1-0

[Event "OLNO 2324 SC Empor Potsdam - Mattnetz Be"]
[Site "?"]
[Date "2024.02.25"]
[Round "6.3"]
[White "Petersen, Marcel"]
[Black "Schoene, Ralf"]
[Result "0-1"]
[WhiteElo "2140"]
[BlackElo "2238"]
[PlyCount "108"]
[EventDate "2024.??.??"]

1. d4 Nf6 2. Nc3 d5 3. Bf4 c6 4. e3 Bf5 5. f3 e6 6. g4 Bg6 7. h4 h5 8. g5 Nfd7 9. Nge2 Bb4 10. Kf2 Qe7 11. Bh3 O-O 12. Bxb8 Raxb8 13. Nf4 Bxc3 14. bxc3 e5 15. Nxg6 fxg6 16. Bxd7 Qxd7 17. Kg2 Rbe8 18. Qe2 Rf7 19. Rhf1 Rfe7 20. Rae1 Qd6 21. Qd2 Re6 22. a4 a5 23. Rf2 b5 24. dxe5 Rxe5 25. c4 bxc4 26. Qxa5 d4 27. Qa6 Qb4 28. Rd1 dxe3 29. Re2 c3 30. Kg3 Rf8 31. Qxc6 Qf4+ 32. Kh3 Qxf3+ 33. Qxf3 Rxf3+ 34. Kg2 Rf4 35. Rd3 Rxh4 36. Rexe3 Rxg5+ 37. Rg3 Rxg3+ 38. Rxg3 Rxa4 39. Rxc3 Kh7 40. Rc8 g5 41. c4 Ra3 42. Rc5 Kh6 43. Rd5 h4 44. c5 Rc3 45. Kf2 g4 46. Rd6+ Kh5 47. c6 h3 48. Kg1 g3 49. Rd1 Rxc6 50. Rb1 g5 51. Ra1 Kh4 52. Rb1 g4 53. Ra1 Rf6 54. Ra8 h2+ 0-1

[Event "OLNO 2324 SC Empor Potsdam - Mattnetz Be"]
[Site "?"]
[Date "2024.02.25"]
[Round "6.4"]
[White "Trenner, Rolf"]
[Black "Fartmann, Oliver"]
[Result "1-0"]
[WhiteElo "2128"]
[BlackElo "2086"]
[PlyCount "53"]
[EventDate "2024.??.??"]

1. d4 Nf6 2. Nf3 g6 3. g3 Bg7 4. Bg2 c5 5. O-O cxd4 6. Nxd4 h5 7. e4 h4 8. e5 hxg3 9. exf6 gxh2+ 10. Kh1 Bxf6 11. Nc3 Nc6 12. Be3 d6 13. Nxc6 bxc6 14. Bxc6+ Bd7 15. Qf3 Rc8 16. Bxd7+ Qxd7 17. Bd2 Kf8 18. Rae1 d5 19. Nxd5 Qb7 20. Bb4 Rh5 21. Qxf6 Qxd5+ 22. f3 Kg8 23. Qxe7 Rf5 24. Qe4 Qd7 25. Bc3 Kh7 26. Rf2 Rh5 27. Qd4 1-0

[Event "OLNO 2324 SC Empor Potsdam - Mattnetz Be"]
[Site "?"]
[Date "2024.02.25"]
[Round "6.5"]
[White "Pererva, Viktor"]
[Black "Jaeger, Uwe"]
[Result "0-1"]
[WhiteElo "2021"]
[BlackElo "2216"]
[PlyCount "92"]
[EventDate "2024.??.??"]

1. c4 Nf6 2. g3 e6 3. Bg2 d5 4. Nf3 Be7 5. O-O O-O 6. b3 b6 7. d4 Bb7 8. Nc3 dxc4 9. bxc4 c5 10. d5 exd5 11. Nh4 Qd7 12. cxd5 Ne8 13. e4 Bf6 14. Qc2 Nd6 15. Re1 Re8 16. Rb1 Na6 17. a3 Nc7 18. Bf4 Nc4 19. Qc1 Be5 20. Bxe5 Nxe5 21. Qd1 f6 22. f4 Nc4 23. a4 Rad8 24. Nf5 g6 25. Ne3 Nd6 26. Qc2 Na6 27. Qb3 Nb4 28. Rbd1 Ba6 29. Nc2 Bc4 30. Qb1 Bd3 31. Rxd3 Nxd3 32. Re3 c4 33. Nd4 Nf5 34. Nxf5 gxf5 35. Bh3 Qc7 36. Qd1 Qc5 37. Qe2 Qd4 38. Nb5 Qa1+ 39. Kg2 Rxe4 40. Bxf5 Rxe3 41. Qxe3 Qe1 42. Be6+ Kf8 43. Qf3 Qxe6 44. dxe6 Ne1+ 45. Kf2 Nxf3 46. Kxf3 a6 0-1

[Event "OLNO 2324 SC Empor Potsdam - Mattnetz Be"]
[Site "?"]
[Date "2024.02.25"]
[Round "6.6"]
[White "Bachmann, Volker"]
[Black "Pixa, Richard"]
[Result "1-0"]
[WhiteElo "2068"]
[BlackElo "2050"]
[PlyCount "65"]
[EventDate "2024.??.??"]

1. d4 d5 2. c4 e6 3. Nc3 c6 4. e3 Nf6 5. Nf3 Nbd7 6. Bd3 dxc4 7. Bxc4 b5 8. Bd3 a6 9. e4 c5 10. e5 cxd4 11. Nxb5 axb5 12. exf6 gxf6 13. O-O Qb6 14. Qe2 b4 15. Rd1 Bc5 16. Bxh7 Rxh7 17. Qe4 Bb7 18. Qxh7 Qc6 19. Qg7 Qe4 20. Bd2 Ke7 21. Bxb4 Bxb4 22. Rxd4 Qe2 23. Rxb4 Rxa2 24. Rf1 Bxf3 25. gxf3 Qxf3 26. Qg2 Qe2 27. f4 Qh5 28. Rb7 Ra5 29. b4 Rd5 30. Kh1 Rd1 31. Kg1 Rd4 32. h3 Rxb4 33. Rxd7+ 1-0

[Event "OLNO 2324 SC Empor Potsdam - Mattnetz Be"]
[Site "?"]
[Date "2024.02.25"]
[Round "6.7"]
[White "Verbitsky, Jaroslaw"]
[Black "Piersig, Hans-Juergen"]
[Result "1/2-1/2"]
[WhiteElo "1977"]
[BlackElo "2092"]
[PlyCount "42"]
[EventDate "2024.??.??"]

1. e4 e6 2. d4 d5 3. exd5 exd5 4. Nf3 Nf6 5. Bd3 Bd6 6. Qe2+ Qe7 7. Qxe7+ Kxe7 8. O-O Re8 9. Re1+ Kf8 10. Rxe8+ Kxe8 11. Bg5 Nbd7 12. Nc3 c6 13. Re1+ Kf8 14. Ne5 h6 15. Bf4 Be7 16. Bd2 Nxe5 17. dxe5 Nd7 18. Bf5 Nc5 19. Bxc8 Rxc8 20. Be3 Ne6 21. Ne2 f6 1/2-1/2

[Event "OLNO 2324 SC Empor Potsdam - Mattnetz Be"]
[Site "?"]
[Date "2024.02.25"]
[Round "6.8"]
[White "Puhlmann, Rainer"]
[Black "Alten, Silvio"]
[Result "1/2-1/2"]
[WhiteElo "2086"]
[BlackElo "1918"]
[PlyCount "86"]
[EventDate "2024.??.??"]

1. Nf3 d5 2. c4 e6 3. g3 Nf6 4. Bg2 dxc4 5. Qa4+ Bd7 6. Qxc4 c5 7. d4 Nc6 8. O-O Rc8 9. Nc3 a6 10. dxc5 Na5 11. Qd3 Bxc5 12. Bg5 Be7 13. Rfd1 Bc6 14. Qc2 Qb6 15. Be3 Qc7 16. Bd4 O-O 17. Ng5 e5 18. Be3 Bxg2 19. Kxg2 h6 20. Nf3 Nc4 21. Bc1 b5 22. Kg1 Rfd8 23. Rf1 Nd6 24. Qb3 Nf5 25. a3 Bc5 26. Qc2 Nd4 27. Nxd4 Bxd4 28. Bd2 Nd5 29. Rac1 Nxc3 30. Bxc3 Bxc3 31. bxc3 Rd5 32. Rfd1 Rc5 33. Rd3 a5 34. Qb3 e4 35. Rd5 Rxc3 36. Rxc3 Qxc3 37. Qxb5 Qc1+ 38. Kg2 Qxa3 39. Qxa5 Qxa5 40. Rxa5 Rc2 41. e3 g6 42. h4 h5 43. Ra4 f5 1/2-1/2

[Event "OLNO 2324 SC Weisse Dame - SK König Teg"]
[Site "?"]
[Date "2024.02.25"]
[Round "6.1"]
[White "Bruedigam, Martin"]
[Black "Gelman, Josef"]
[Result "1-0"]
[WhiteElo "2372"]
[BlackElo "2077"]
[PlyCount "177"]
[EventDate "2024.??.??"]

1. e4 c6 2. d4 d5 3. exd5 cxd5 4. Bd3 Nc6 5. c3 Nf6 6. Bf4 Bg4 7. Nf3 e6 8. Nbd2 Bd6 9. Bxd6 Qxd6 10. O-O O-O 11. Qe1 Bf5 12. Ne5 Bxd3 13. Nxd3 Rfe8 14. Nf3 Ne4 15. Nfe5 f6 16. Nxc6 Qxc6 17. Qe3 Re7 18. Rfe1 Rae8 19. Rad1 Nd6 20. Qc1 a5 21. Nf4 Qc4 22. a3 b5 23. Nd3 e5 24. dxe5 fxe5 25. h3 Nf7 26. Qe3 d4 27. cxd4 Qxd4 28. Nc5 Qxe3 29. Rxe3 Rc7 30. Rd5 a4 31. Nd3 e4 32. Nb4 Rc1+ 33. Kh2 Rb1 34. Re2 Re5 35. Rd7 h5 36. Nd5 Rc1 37. Nc3 Ng5 38. h4 Ne6 39. Nxe4 Rc4 40. f3 Rc8 41. Red2 Nc5 42. Nxc5 Rcxc5 43. Kh3 Kh7 44. Rb7 Rcd5 45. Rc2 Rc5 46. Rd2 Rcd5 47. Rxd5 Rxd5 48. Re7 Kg6 49. Re4 Kf5 50. Rb4 Kf6 51. Kg3 Kf5 52. Kf2 Ke5 53. Ke3 Rc5 54. g4 hxg4 55. fxg4 g6 56. Re4+ Kf6 57. Kf4 Rc2 58. Rb4 Rc5 59. Re4 Rc2 60. g5+ Kf7 61. Rb4 Rc5 62. Kg4 Kg7 63. h5 gxh5+ 64. Kxh5 Rd5 65. b3 axb3 66. Rxb3 Rc5 67. Rd3 Rc7 68. Kg4 Rc4+ 69. Kf5 Rc5+ 70. Kf4 Rc4+ 71. Ke5 Rc5+ 72. Kd6 Rxg5 73. Rf3 Kg6 74. Kc6 Kg7 75. Kb6 Kg6 76. Ka5 Kg7 77. Ka6 Kg6 78. Kb6 Kg7 79. Rb3 Kf7 80. Rxb5 Rg6+ 81. Kb7 Rg4 82. Rb4 Rg3 83. a4 Ke6 84. a5 Kd6 85. Kb6 Kd5 86. Rb5+ Kd6 87. a6 Rg8 88. a7 Ra8 89. Ra5 1-0

[Event "OLNO 2324 SC Weisse Dame - SK König Teg"]
[Site "?"]
[Date "2024.02.25"]
[Round "6.2"]
[White "Moeller, Hendrik"]
[Black "Rietze, Clemens"]
[Result "0-1"]
[WhiteElo "2261"]
[BlackElo "2343"]
[PlyCount "74"]
[EventDate "2024.??.??"]

1. e4 c5 2. Nf3 Nc6 3. d4 cxd4 4. Nxd4 Nf6 5. Nc3 d6 6. Bg5 e6 7. Qd3 Bd7 8. O-O-O a6 9. Kb1 h6 10. Nxc6 Bxc6 11. Bf4 Qb6 12. Be3 Qa5 13. f3 b5 14. Qd2 b4 15. Ne2 e5 16. c4 Nd7 17. Nc1 Rb8 18. Nd3 f5 19. exf5 e4 20. Nf4 Qxf5 21. Nd5 Bxd5 22. cxd5 Be7 23. fxe4 Qg6 24. Bd3 Ne5 25. Ba7 O-O 26. Bxb8 Rxb8 27. Qc2 Qe8 28. Qc7 Rc8 29. Qb7 Bf6 30. Bxa6 Rb8 31. Qc7 b3 32. axb3 Rxb3 33. Qxd6 Rxb2+ 34. Kc1 Qa4 35. Qe6+ Kh7 36. Kxb2 Nd3+ 37. Kb1 Qb3# 0-1

[Event "OLNO 2324 SC Weisse Dame - SK König Teg"]
[Site "?"]
[Date "2024.02.25"]
[Round "6.3"]
[White "Rabiega, Robert"]
[Black "Waldmann, Hans-Joachim"]
[Result "1-0"]
[WhiteElo "2461"]
[BlackElo "2269"]
[PlyCount "87"]
[EventDate "2024.??.??"]

1. e4 Nf6 2. e5 Nd5 3. d4 d6 4. c4 Nb6 5. f4 dxe5 6. fxe5 Nc6 7. Be3 Bf5 8. Nc3 e6 9. Be2 Be7 10. Nf3 O-O 11. O-O f6 12. exf6 Bxf6 13. h3 Qd7 14. Qd2 Rad8 15. Rad1 Bg6 16. Qc1 h6 17. Kh1 Qe8 18. b3 Rf7 19. Rd2 Rfd7 20. Rfd1 Kh7 21. Bg1 Qe7 22. Bd3 Bxd3 23. Rxd3 Qf7 24. Ne4 Be7 25. Qe3 Kg8 26. Qe2 Bf8 27. Nh2 Qe8 28. Ng4 Kh8 29. Bf2 Nc8 30. Ngf6 gxf6 31. Nxf6 Qf7 32. Nxd7 Rxd7 33. Rf3 Qg8 34. d5 exd5 35. cxd5 N6e7 36. Bd4+ Bg7 37. Bxg7+ Qxg7 38. Rdf1 Nd6 39. Rf8+ Ng8 40. Qe6 Kh7 41. Rxg8 Qxg8 42. Qxd7+ Qg7 43. Qe6 Qg6 44. Re1 1-0

[Event "OLNO 2324 SC Weisse Dame - SK König Teg"]
[Site "?"]
[Date "2024.02.25"]
[Round "6.5"]
[White "Sarbok, Torsten"]
[Black "Zhou, Lepu Coco"]
[Result "1-0"]
[WhiteElo "2324"]
[BlackElo "1958"]
[PlyCount "75"]
[EventDate "2024.??.??"]

1. d4 d5 2. Bf4 Nf6 3. e3 e6 4. Nf3 Bd6 5. Nbd2 O-O 6. Bd3 c5 7. dxc5 Bxf4 8. exf4 Qc7 9. g3 Qxc5 10. O-O b6 11. Qe2 a5 12. Nb3 Qc7 13. Nbd4 Ba6 14. Rac1 Ne4 15. Rfe1 Bxd3 16. cxd3 Nc5 17. Nb5 Qd7 18. d4 Ne4 19. Ne5 Qd8 20. Rc2 Na6 21. a3 Rc8 22. Rxc8 Qxc8 23. f3 Nf6 24. Nd6 Qa8 25. Rc1 Qa7 26. Qb5 Nc7 27. Qc6 Nfe8 28. Nc8 Qa6 29. Ne7+ Kh8 30. Nd7 Qe2 31. Rf1 Rg8 32. Nxg8 Kxg8 33. Rf2 Qd1+ 34. Kg2 Qxd4 35. Nxb6 Qe3 36. Na8 Qa7 37. Nxc7 Nxc7 38. Rc2 1-0

[Event "OLNO 2324 SC Weisse Dame - SK König Teg"]
[Site "?"]
[Date "2024.02.25"]
[Round "6.6"]
[White "Uhl, Heinz"]
[Black "Von Herman, Ulf"]
[Result "0-1"]
[WhiteElo "2116"]
[BlackElo "2301"]
[PlyCount "150"]
[EventDate "2024.??.??"]

1. c4 e6 2. Nc3 d5 3. cxd5 exd5 4. d4 c6 5. Bf4 Bd6 6. Qd2 Nf6 7. Bxd6 Qxd6 8. e3 Bf5 9. Nge2 Nbd7 10. Ng3 Bg6 11. Bd3 O-O 12. O-O Rfe8 13. a3 a5 14. Nce2 a4 15. Nf4 b5 16. Nf5 Bxf5 17. Bxf5 Nb6 18. Nd3 g6 19. Bh3 Ne4 20. Qb4 Qc7 21. g3 Nc4 22. Rfd1 h5 23. Bg2 Ned6 24. h4 Kg7 25. Nf4 Qd7 26. Rd3 Re7 27. b3 axb3 28. Rxb3 Qe8 29. Nd3 Kg8 30. Nc5 Nb7 31. Re1 Nxc5 32. Qxc5 Ra6 33. Rc3 Rea7 34. e4 f5 35. e5 Qe7 36. Bxd5+ cxd5 37. Qxd5+ Kg7 38. Qxb5 Nd6 39. Qb4 Ne4 40. Rb3 Qxb4 41. axb4 Ra2 42. b5 Rc7 43. b6 Rcc2 44. Rxe4 fxe4 45. b7 e3 46. Rxe3 Rab2 47. e6 Kf8 48. d5 Rd2 49. Rf3+ Ke8 50. Rf6 Rxd5 51. Rxg6 Ke7 52. Rh6 Re5 53. Kg2 Rxe6 54. Rxh5 Rf6 55. Re5+ Kf7 56. b8=Q Rxb8 57. Re2 Rfb6 58. Rc2 Rb2 59. Rc7+ Kg8 60. Rc1 Rf8 61. Rf1 Rfb8 62. g4 Rb1 63. Rxb1 Rxb1 64. Kg3 Kf7 65. f3 Kf6 66. Kf4 Rb4+ 67. Kg3 Ke5 68. h5 Rb3 69. Kh4 Rxf3 70. Kg5 Ke6 71. Kg6 Ke7 72. Kg7 Rg3 73. h6 Rxg4+ 74. Kh8 Kf6 75. Kh7 Rg6 0-1

[Event "OLNO 2324 SC Weisse Dame - SK König Teg"]
[Site "?"]
[Date "2024.02.25"]
[Round "6.7"]
[White "Acikel, Mert"]
[Black "Gross, Thorsten"]
[Result "1-0"]
[WhiteElo "2241"]
[BlackElo "2129"]
[PlyCount "63"]
[EventDate "2024.??.??"]

1. e4 e6 2. d4 d5 3. Nd2 c5 4. Ngf3 cxd4 5. Nxd4 Nc6 6. Bb5 Nge7 7. O-O Qb6 8. N2f3 dxe4 9. Ne5 Qc5 10. Bf4 f6 11. b4 Qc3 12. Nc4 Kf7 13. Nd6+ Kg8 14. Ne2 Qxb4 15. Bc4 Qc5 16. Rb1 Ng6 17. Rb5 Bxd6 18. Rxc5 Bxc5 19. Be3 Be7 20. Ng3 Kf7 21. Qh5 Nce5 22. Bb3 Bd7 23. Nxe4 Bc6 24. Ng3 b5 25. Nf5 Ba3 26. Nd4 Bd7 27. Re1 Rac8 28. f4 Nc4 29. Nxb5 Bxb5 30. Qxb5 Nxe3 31. Bxe6+ Kf8 32. Bxc8 1-0

[Event "OLNO 2324 SC Weisse Dame - SK König Teg"]
[Site "?"]
[Date "2024.02.25"]
[Round "6.8"]
[White "Wischhoefer, Cord"]
[Black "Jahnz, Fabian"]
[Result "0-1"]
[WhiteElo "2102"]
[BlackElo "2271"]
[PlyCount "74"]
[EventDate "2024.??.??"]

1. Nf3 d5 2. c4 dxc4 3. Na3 a6 4. Nxc4 b5 5. Ne3 Bb7 6. d4 e6 7. g3 Bb4+ 8. Bd2 Bxf3 9. exf3 Qxd4 10. Bg2 Qxb2 11. Nc2 Bxd2+ 12. Qxd2 Qe5+ 13. Kf1 Qd6 14. Qc3 Nf6 15. f4 c6 16. Nb4 O-O 17. Nxc6 Nxc6 18. Qxc6 Qd4 19. Rc1 Ng4 20. Qc5 Qxc5 21. Rxc5 Rac8 22. Rxc8 Rxc8 23. Bb7 Rc1+ 24. Kg2 Rxh1 25. Kxh1 a5 26. Kg2 Kf8 27. Ba6 b4 28. h3 Nf6 29. Kf3 Nd5 30. Bc4 a4 31. Ke4 b3 32. Kd4 bxa2 33. Bxa2 Nb4 34. Bc4 a3 35. Kc3 a2 36. Kb2 Ke7 37. Bxa2 Nd3+ 0-1

[Event "OLNO 2324 Forster SC 95 - SV Empor Berli"]
[Site "?"]
[Date "2024.02.25"]
[Round "6.1"]
[White "Volke, Karsten"]
[Black "Aliavdin, Nikolai"]
[Result "1-0"]
[WhiteElo "2424"]
[BlackElo "2322"]
[PlyCount "89"]
[EventDate "2024.??.??"]

1. Nf3 Nf6 2. g3 g6 3. Bg2 Bg7 4. O-O O-O 5. c4 d6 6. d4 Nbd7 7. Nc3 e5 8. e4 Re8 9. d5 Nc5 10. Qc2 a5 11. Bg5 Bd7 12. Ne1 Qc8 13. Nd3 b6 14. Nxc5 bxc5 15. a4 Nh5 16. Qe2 f6 17. Bd2 f5 18. f3 Nf6 19. Nb5 Qb7 20. Qe1 Qb6 21. Bh3 Rf8 22. Bc3 Bxb5 23. axb5 fxe4 24. Bxa5 Qb8 25. fxe4 Bh6 26. Qe2 Kg7 27. b3 Qd8 28. Ra4 Qe7 29. Bc3 Nh5 30. Bg4 Rxf1+ 31. Kxf1 Rf8+ 32. Kg2 Qg5 33. Bxh5 gxh5 34. Ra7 Qc1 35. Rxc7+ Kg6 36. Be1 Qb1 37. Rd7 Rf6 38. b6 Qxb3 39. b7 Bc1 40. Bf2 Bb2 41. g4 Bd4 42. Bh4 Rf4 43. gxh5+ Kh6 44. Rxd6+ Kg7 45. h6+ 1-0

[Event "OLNO 2324 Forster SC 95 - SV Empor Berli"]
[Site "?"]
[Date "2024.02.25"]
[Round "6.2"]
[White "Kleeschaetzky, Rainer"]
[Black "Thinius, Marco"]
[Result "0-1"]
[WhiteElo "2236"]
[BlackElo "2354"]
[PlyCount "80"]
[EventDate "2024.??.??"]

1. e4 e5 2. Nf3 Nc6 3. Bb5 a6 4. Ba4 Nf6 5. d3 d6 6. h3 b5 7. Bb3 Na5 8. c3 Nxb3 9. axb3 Be7 10. O-O O-O 11. Re1 Bb7 12. Nbd2 a5 13. d4 Nd7 14. Qe2 c6 15. Nf1 Re8 16. Ng3 Bf8 17. Bg5 Qc7 18. Qd2 Nb6 19. Be3 a4 20. dxe5 dxe5 21. Qc2 axb3 22. Bxb6 Qxb6 23. Qxb3 Qc7 24. Rxa8 Rxa8 25. Rd1 Bc8 26. Qc2 f6 27. Qb3+ Qf7 28. Qxf7+ Kxf7 29. Nf5 Be6 30. g4 Ra2 31. Rd2 g6 32. Ne3 Ra4 33. b4 Ra3 34. Rc2 Bh6 35. Nd2 Ke7 36. Kg2 Kd6 37. Kf3 c5 38. c4 Bxe3 39. fxe3 cxb4 40. cxb5 Rc3 0-1

[Event "OLNO 2324 Forster SC 95 - SV Empor Berli"]
[Site "?"]
[Date "2024.02.25"]
[Round "6.3"]
[White "Foerster, Jonas"]
[Black "Jagodzinski, Piotr"]
[Result "1/2-1/2"]
[WhiteElo "2240"]
[BlackElo "2156"]
[PlyCount "100"]
[EventDate "2024.??.??"]

1. d4 d5 2. Nf3 Nf6 3. c4 e6 4. Nc3 Be7 5. cxd5 exd5 6. Bf4 c6 7. Qc2 Nh5 8. Bd2 g6 9. h3 f5 10. g4 Nf6 11. gxf5 Bxf5 12. Qb3 Qb6 13. Qxb6 axb6 14. Bg2 Nbd7 15. O-O b5 16. a3 O-O 17. Bg5 Bd6 18. Nd2 b4 19. axb4 Bxb4 20. f3 Kg7 21. e4 Be6 22. Be3 Nb6 23. Bf4 Nfd7 24. Bc7 g5 25. Rxa8 Rxa8 26. h4 c5 27. exd5 Nxd5 28. Nxd5 Bxd2 29. Rd1 Ba5 30. dxc5 Nxc5 31. Bxa5 Rxa5 32. b4 Rb5 33. bxc5 Rxc5 34. Ne3 gxh4 35. f4 b5 36. Rd4 Rc3 37. Re4 Kf6 38. f5 Bf7 39. Kf2 Ra3 40. Rxh4 h5 41. Rb4 Be8 42. Re4 Bf7 43. Rd4 Ra4 44. Rd6+ Kg5 45. Rd7 Rf4+ 46. Kg3 h4+ 47. Kh2 Ba2 48. Rd2 Bf7 49. Rd7 Ba2 50. Rd2 Bf7 1/2-1/2

[Event "OLNO 2324 Forster SC 95 - SV Empor Berli"]
[Site "?"]
[Date "2024.02.25"]
[Round "6.4"]
[White "Bielinski, Dariusz"]
[Black "Nitsche-Hahn, Raphael"]
[Result "1/2-1/2"]
[WhiteElo "2153"]
[BlackElo "2129"]
[PlyCount "106"]
[EventDate "2024.??.??"]

1. d4 g6 2. e4 Bg7 3. c4 d6 4. Nc3 Nd7 5. Nf3 e5 6. Be2 exd4 7. Nxd4 Ngf6 8. O-O O-O 9. Be3 Nc5 10. f3 a5 11. Qd2 Re8 12. Ndb5 Bd7 13. Rfd1 Bxb5 14. Nxb5 Qe7 15. Bf1 b6 16. Rab1 Ne6 17. Nc3 Nc5 18. b3 Qd7 19. Qc2 Qc6 20. Nd5 Nxd5 21. cxd5 Qd7 22. Bd4 Bxd4+ 23. Rxd4 f5 24. exf5 Qxf5 25. Qxf5 gxf5 26. Kf2 Re5 27. Bb5 Rf8 28. a3 Rf7 29. b4 axb4 30. axb4 Nd7 31. f4 Ree7 32. Bd3 Kg7 33. g3 Kf6 34. Rc4 Nf8 35. Rbc1 h5 36. h3 Ng6 37. Kf3 Rh7 38. R4c2 Rhf7 39. Rc4 Rh7 40. R4c2 Rhf7 41. h4 Nf8 42. Kf2 Kg6 43. Re2 Rxe2+ 44. Bxe2 Nh7 45. Bf3 Re7 46. Ra1 Nf6 47. Ra8 Ne4+ 48. Kg2 Nf6 49. Rc8 Ng4 50. Rg8+ Rg7 51. Re8 Kf7 52. Re2 Nf6 53. Ra2 Kg6 1/2-1/2

[Event "OLNO 2324 Forster SC 95 - SV Empor Berli"]
[Site "?"]
[Date "2024.02.25"]
[Round "6.5"]
[White "Atkinson, Paul"]
[Black "Pryvalov, Ivan"]
[Result "1-0"]
[WhiteElo "2032"]
[BlackElo "2078"]
[PlyCount "115"]
[EventDate "2024.??.??"]

1. Nf3 d5 2. e3 Nf6 3. c4 e6 4. b3 Be7 5. Bb2 c5 6. cxd5 exd5 7. Bb5+ Nbd7 8. O-O a6 9. Be2 b6 10. d4 Bb7 11. Nc3 O-O 12. Qd3 Rc8 13. Qf5 Nb8 14. Rfd1 Qd7 15. Qxd7 Nbxd7 16. dxc5 bxc5 17. Rac1 Rfd8 18. Ba3 Nb6 19. Ne5 Bd6 20. Nf3 h6 21. Nb1 Ne4 22. Nfd2 Nxd2 23. Rxd2 d4 24. Rcd1 Bf8 25. exd4 cxd4 26. Bxf8 Kxf8 27. Na3 Rc5 28. Nc4 Nxc4 29. Bxc4 a5 30. f3 Rg5 31. Kf2 Rh5 32. Rxd4 Rxd4 33. Rxd4 Ke7 34. Bxf7 Kxf7 35. Rd7+ Kf6 36. Rxb7 Rc5 37. a4 Rc2+ 38. Kg3 Rc5 39. h4 Rc2 40. Rb6+ Kf7 41. h5 Rd2 42. Rb5 Rb2 43. Kh3 Kf6 44. g3 Kf7 45. Kg4 Kg8 46. Kf5 Kh7 47. g4 Rf2 48. Ke4 Rb2 49. Kd3 Rf2 50. Ke3 Rb2 51. Kd3 Rf2 52. Rf5 Rf1 53. Kc3 Kg8 54. Kb2 Rf2+ 55. Ka3 Rf1 56. Rxa5 Rxf3 57. Rf5 Rg3 58. Rf4 1-0

[Event "OLNO 2324 Forster SC 95 - SV Empor Berli"]
[Site "?"]
[Date "2024.02.25"]
[Round "6.6"]
[White "Dabrowski, Grzegorz"]
[Black "Jahn, Thomas"]
[Result "1-0"]
[WhiteElo "2087"]
[BlackElo "2196"]
[PlyCount "119"]
[EventDate "2024.??.??"]

1. e4 e5 2. Nf3 Nc6 3. d4 exd4 4. Nxd4 Bc5 5. Nb3 Bb4+ 6. c3 Be7 7. f4 d6 8. Be2 Nf6 9. Bf3 Be6 10. O-O Qd7 11. N1d2 O-O 12. h3 Rad8 13. Kh2 d5 14. e5 Ne8 15. Nd4 f6 16. Nxe6 Qxe6 17. Bg4 f5 18. Be2 g5 19. g3 gxf4 20. gxf4 Kh8 21. Nf3 Ng7 22. Be3 Qh6 23. Qc2 Ne6 24. Nd4 Ncxd4 25. cxd4 c5 26. dxc5 d4 27. Bd2 Nxc5 28. Bd3 Qh5 29. b4 Ne6 30. Qc4 Qh6 31. Rac1 Bh4 32. Qb3 Rd7 33. Bc4 Rg7 34. Rg1 Rxg1 35. Rxg1 Re8 36. Qa4 Rc8 37. Bb3 Bf2 38. Rc1 Rxc1 39. Qe8+ Nf8 40. Bxc1 Be3 41. Bxe3 dxe3 42. Kg3 e2 43. Kf2 Qxf4+ 44. Kxe2 Qe4+ 45. Kd1 Qh1+ 46. Kc2 Qg2+ 47. Kb1 Qe4+ 48. Kb2 Qxb4 49. Qd8 h5 50. Qf6+ Kh7 51. Qxf5+ Ng6 52. Qxh5+ Kg7 53. e6 a5 54. Qg4 Qxg4 55. hxg4 Kf6 56. Kc3 Nf8 57. Kd4 Nxe6+ 58. Bxe6 Kxe6 59. a4 Kf6 60. Kc5 1-0

[Event "OLNO 2324 Forster SC 95 - SV Empor Berli"]
[Site "?"]
[Date "2024.02.25"]
[Round "6.7"]
[White "Schabe, Felix"]
[Black "Stahr, Ralf-Peter"]
[Result "1-0"]
[WhiteElo "2022"]
[BlackElo "2074"]
[PlyCount "85"]
[EventDate "2024.??.??"]

1. Nf3 c5 2. g3 d5 3. Bg2 Nc6 4. O-O e5 5. c4 Nf6 6. cxd5 Nxd5 7. Nc3 Be6 8. d3 Be7 9. Nxd5 Bxd5 10. Qa4 O-O 11. b3 a6 12. Qg4 f5 13. Qh3 h6 14. Bb2 Qd6 15. Nh4 Be6 16. Bxc6 f4 17. g4 Qxc6 18. Ng6 Rfe8 19. Nxe5 Qc7 20. Ng6 Bd6 21. e4 Bf7 22. Nh4 Be5 23. Rab1 Rad8 24. Kh1 Be6 25. Rg1 g5 26. Nf5 Bxf5 27. gxf5 Qd6 28. Qh5 Bxb2 29. Rxb2 Re7 30. f3 Rg7 31. h4 Qf6 32. Rbg2 Rdd7 33. hxg5 hxg5 34. Rxg5 Rxg5 35. Qe8+ Qf8 36. Rxg5+ Rg7 37. Rxg7+ Kxg7 38. Qxf8+ Kxf8 39. Kg2 Ke7 40. e5 b5 41. Kh3 a5 42. a4 c4 43. dxc4 1-0